000
00452nam a2200169Ia 4500
008
090711s9999 xx 000 0 und d
082
_b
39230
100
_a
पणशीकर अनंत
245
_a
प्रेमिक
260
_c
1976
300
_a
188
600
_a
पणशीकर अनंत
630
_a
प्रेमिक
700
_a
पणशीकर अनंत
730
_a
प्रेमिक
942
_c
BOOK
999
_c
305458
_d
305458